The notorious Mrs. Ebbsmith : a drama in four acts ...

Bibliographic Details
Main Author: Pinero, Arthur Wing, 1855-1934
Format: Book
Language:English
Published: Boston : Baker, 1906.

MARC

Tag First Indicator Second Indicator Subfields
LEADER 00000cam a2200000 4500
001 in00000035006
005 20151007063505.0
008 780801s1906 mau 00000 eng c
010 |a a 11002561  
035 |a (OCoLC)04100660 
035 |9 AAD7524AM 
040 |a Cincinnatti Pub. Libr.  |c OUN  |d TXA  |d UtOrBLW 
049 |a TXAM  |c [6820] 
090 |a PR5182  |b .N6 
092 |a 822  |b P65n 
100 1 |a Pinero, Arthur Wing,  |d 1855-1934. 
245 1 4 |a The notorious Mrs. Ebbsmith :  |b a drama in four acts ... 
264 1 |a Boston :  |b Baker,  |c 1906. 
300 |a 200 pages 
336 |a text  |b txt  |2 rdacontent 
337 |a unmediated  |b n  |2 rdamedia 
338 |a volume  |b nc  |2 rdacarrier 
999 |a MARS 
999 f f |s f717684b-7709-360a-b9c8-fbcfe2d52ded  |i ab9b98d0-e772-3898-b523-533383e48bba  |t 0 
952 f f |p ric  |a Texas A&M University  |b Rellis Campus  |c Joint Library Facility  |d Remote Storage  |t 0  |e PR5182 .N6  |h Library of Congress classification  |i unmediated -- volume  |m A14801299390 
998 f f |a PR5182 .N6  |t 0  |l Remote Storage